Designing Autonomous Teams and Services /

In high-performing organizations such as Salesforce and Spotify, autonomous product development teams own problems end-to-end-from interacting with customers to delivering engaging digital products. These teams find new ways to solve customer problems by constantly running experiments, using high-sp...

Full description

Bibliographic Details
Main Authors: Tune, Nick (Author), Millett, Scott (Author)
Corporate Author: Safari, an O'Reilly Media Company
Format: eBook
Language:English
Published: O'Reilly Media, Inc., 2017.
Edition:1st edition.
Subjects:
Online Access:Connect to this electronic resource

MARC

Tag First Indicator Second Indicator Subfields
LEADER 00000uam a2200000 a 4500
001 in00004100140
005 20260123224706.7
006 m o d
007 cr cn
008 080917s2017 xx o eng
020 |z 9781491994313 
035 |a (CaSebORM)9781491994320 
040 |d UtOrBLW 
041 0 |a eng 
100 1 |a Tune, Nick,  |e author. 
245 1 0 |a Designing Autonomous Teams and Services /  |c Tune, Nick. 
250 |a 1st edition. 
264 1 |b O'Reilly Media, Inc.,  |c 2017. 
300 |a 1 online resource (93 pages) 
336 |a text  |b txt  |2 rdacontent 
337 |a computer  |b c  |2 rdamedia 
338 |a online resource  |b cr  |2 rdacarrier 
347 |a text file 
520 |a In high-performing organizations such as Salesforce and Spotify, autonomous product development teams own problems end-to-end-from interacting with customers to delivering engaging digital products. These teams find new ways to solve customer problems by constantly running experiments, using high-speed engineering capabilities to create extremely short customer feedback cycles. In this report, you'll explore how leading organizations increase autonomy across teams and services through techniques designed to accelerate product delivery and improve business/IT alignment. With examples and use cases, authors Nick Tune (Salesforce) and Scott Millett (Iglu.com) demonstrate how autonomous teams leverage continuous discovery and delivery to find the best solutions with the highest business value. This report is ideal for engineering executives, CTOs, software architects, and senior engineers. Learn how to align business goals, team boundaries, and software architecture to solve customer problems Create a culture of transparency by articulating strategic decisions throughout the organization Analyze your organization's problem domains to minimize organizational and technical dependencies Learn techniques for modeling user journeys and business processes in your domains and subdomains Design antifragile systems that respond to changing market conditions and new opportunities Apply successful architectural patterns to avoid couplings in your software and couplings between teams 
533 |a Electronic reproduction.  |b Boston, MA :  |c Safari,  |n Available via World Wide Web. 
538 |a Mode of access: World Wide Web. 
542 |f Copyright © O'Reilly Media, Inc. 
588 |a Online resource; Title from title page (viewed September 15, 2017) 
500 |a Electronic resource. 
655 7 |a Electronic books.  |2 local 
700 1 |a Millett, Scott,  |e author.  |0 http://id.loc.gov/authorities/names/no2009174298 
710 2 |a Safari, an O'Reilly Media Company. 
856 4 0 |u https://proxy.library.tamu.edu/login?url=https://go.oreilly.com/TAMU/library/view/-/9781491994320/?ar  |z Connect to this electronic resource  |t 0 
999 f f |s 3bc40783-5e0f-3b7a-a0b3-b395aa8ba514  |i 5b517881-4156-31fc-8de3-8ad1184c08ba  |t 0 
952 f f |a Texas A&M University  |b College Station  |c Electronic Resources  |s www_evans  |d Available Online  |t 0  |h No information provided 
998 f f |t 0  |l Available Online